Kerygma (Il), centro della predicazione (Record n. 98201)
[ formato base ]
| 000 -LEADER | |
|---|---|
| fixed length control field | 00991nam a2200289Ia 4500 |
| 001 - CONTROL NUMBER | |
| control field | E2811 |
| 003 - CONTROL NUMBER IDENTIFIER | |
| control field | IT-RoPAU |
| 008 - FIXED-LENGTH DATA ELEMENTS--GENERAL INFORMATION | |
| fixed length control field | 130308s9999 xx 000 0 und d |
| 040 ## - CATALOGING SOURCE | |
| Original cataloging agency | IT-RoPAU |
| 040 ## - CATALOGING SOURCE | |
| Transcribing agency | IT-RoPAU |
| 041 ## - LANGUAGE CODE | |
| Language code of text/sound track or separate title | ITALIANO |
| 100 ## - MAIN ENTRY--PERSONAL NAME | |
| Personal name | Cantalamessa Raniero |
| 100 ## - MAIN ENTRY--PERSONAL NAME | |
| Miscellaneous information | Codice Aut. SPICS: 25386 |
| 245 ## - TITLE STATEMENT | |
| Title | Kerygma (Il), centro della predicazione |
| 245 ## - TITLE STATEMENT | |
| Remainder of title | Linguaggio per la Nuova Evangelizzazione nella missione al Popolo (Il) |
| 250 ## - EDITION STATEMENT | |
| Edition statement | 1a ed. |
| 260 ## - PUBLICATION, DISTRIBUTION, ETC. (IMPRINT) | |
| Place of publication, distribution, etc. | S. GABRIELE (TE) |
| 260 ## - PUBLICATION, DISTRIBUTION, ETC. (IMPRINT) | |
| Name of publisher, distributor, etc. | Editoriale Eco |
| 260 ## - PUBLICATION, DISTRIBUTION, ETC. (IMPRINT) | |
| Date of publication, distribution, etc. | 1997 [1° Ed.:1997 - Ed.Ling.Originale:1997] |
| 300 ## - PHYSICAL DESCRIPTION | |
| Extent | "17 p. (prefazione: no ; testo: 17 [pagine: 61-77])" |
| 500 ## - GENERAL NOTE | |
| General note | Kerygma nella Vita di Gesu' Stesso. Kerygma nell'annuncio degli Apostoli. Alcuni Esempi di Struttura del Kerygma. Evoluzione del Kerygma nella Storiadella Chiesa. |
| 650 ## - SUBJECT ADDED ENTRY--TOPICAL TERM | |
| Topical term or geographic name as entry element | SAGGI PASTORALE COMUNICAZIONE SOCIALE |
| 650 ## - SUBJECT ADDED ENTRY--TOPICAL TERM | |
| Relator term | Codice materia Spics: 9311 |
| 942 ## - ADDED ENTRY ELEMENTS (KOHA) | |
| Koha item type | LIBRO |
| 957 ## - | |
| -- | 1 |
| 999 ## - SYSTEM CONTROL NUMBERS (KOHA) | |
| -- | 1 |
| Withdrawn status | Lost status | Damaged status | Not for loan | Home library | Current library | Date acquired | Total Checkouts | Full call number | Date last seen | Price effective from | Koha item type | Public note |
|---|---|---|---|---|---|---|---|---|---|---|---|---|
| Buone Condizioni | Not For Loan | SPICS-MEDIATECA | SPICS-MEDIATECA | 08/03/2013 | E2811 | 08/03/2013 | 08/03/2013 | LIBRO | Progressivo inserimento: 59621 / Copie: 1 / data import: 1 marzo 2013 - By Epidotti, Trombetti, Vaglietti. |